| 000 | 00778cam a22002533a 4500 | ||
|---|---|---|---|
| 001 | 813 | ||
| 003 | PGUSA | ||
| 005 | 20140828082953.0 | ||
| 008 | 970201s1997||||xxu|||||s|||||000 | eng d | ||
| 040 |
_aPGUSA _beng |
||
| 042 | _adc | ||
| 050 | 4 | _aPG | |
| 100 | 1 |
_aTolstoi, Ilia Lvovich, Graf, _d1866-1933 |
|
| 245 | 1 | 0 |
_aReminiscences of Tolstoy, by His Son _h[electronic resource] / _cIlia Lvovich, Graf Tolstoi |
| 260 |
_bProject Gutenberg, _c1997 |
||
| 506 | _aPublic domain in the USA. | ||
| 516 | _aElectronic text | ||
| 653 | _aTolstoy, Leo, graf, 1828-1910 | ||
| 653 | _aAuthors, Russian -- 19th century -- Biography | ||
| 700 | 1 |
_aCalderon, George, _d1868-1915 |
|
| 830 | 0 |
_aProject Gutenberg _v813 |
|
| 856 | 4 | 0 | _uhttp://www.gutenberg.org/ebooks/813 |
| 942 | _cEB | ||
| 999 |
_c230164 _d230164 |
||